An Introductory bibliography for Japanese studies. (رقم التسجيلة. 113627)

تفاصيل مارك
000 -LEADER
fixed length control field 011340000a22003250004500
003 - CONTROL NUMBER IDENTIFIER
control field EG-GiCUC
008 - FIXED-LENGTH DATA ELEMENTS--GENERAL INFORMATION
fixed length control field 790925c19749999ja bx b 0 a0eng d
010 ## - LIBRARY OF CONGRESS CONTROL NUMBER
LC control number 92644947
040 ## - CATALOGING SOURCE
Original cataloging agency EG-GiCUC
Language of cataloging eng
Transcribing agency EG-GiCUC
043 ## - GEOGRAPHIC AREA CODE
Geographic area code a-ja---
050 00 - LIBRARY OF CONGRESS CALL NUMBER
Classification number Z3306
Item number .I57
Classification number DS806
092 04 - LOCALLY ASSIGNED DEWEY CALL NUMBER (OCLC)
Classification number 952.0016
Item number I61995
Edition number 21
099 ## - LOCAL FREE-TEXT CALL NUMBER (OCLC)
Classification number 04
-- 952.0016 I61995
245 03 - TITLE STATEMENT
Title An Introductory bibliography for Japanese studies.
260 ## - PUBLICATION, DISTRIBUTION, ETC.
Place of publication, distribution, etc. Tokyo :
Name of publisher, distributor, etc. Japan Foundation,
Date of publication, distribution, etc. 1974-
300 ## - PHYSICAL DESCRIPTION
Extent v. ;
Dimensions 24 cm.
310 ## - CURRENT PUBLICATION FREQUENCY
Current publication frequency Irregular
362 0# - DATES OF PUBLICATION AND/OR SEQUENTIAL DESIGNATION
Dates of publication and/or sequential designation Vol. 1, pt. 1-
500 ## - GENERAL NOTE
General note Vol. 1, pt. 1, published in 1974, has a particular emphasis on items appearing since 1970.
580 ## - LINKING ENTRY COMPLEXITY NOTE
Linking entry complexity note Continues the information in: Kokusai Bunka Shinko{u00A4}_kai. K.B.S. bibliography of standard reference books for Japanese studies, with descriptive notes.
590 ## - LOCAL NOTE (RLIN)
Local note Lib. has v.13 pt.2(humanties)
651 #0 - SUBJECT ADDED ENTRY--GEOGRAPHIC NAME
Geographic name Japan
General subdivision Bibliography
Form subdivision Periodicals.
710 2# - ADDED ENTRY--CORPORATE NAME
Corporate name or jurisdiction name as entry element Kokusai Koryu Kikin.
710 2# - ADDED ENTRY--CORPORATE NAME
Corporate name or jurisdiction name as entry element Toho Gakkai.
902 ## - LOCAL DATA ELEMENT B, LDB (RLIN)
No. of Items 1
905 ## - LOCAL DATA ELEMENT E, LDE (RLIN)
Cataloger Eman
Reviser Rev.
905 ## - LOCAL DATA ELEMENT E, LDE (RLIN)
Cataloger Radwa
Reviser Cat
942 ## - ADDED ENTRY ELEMENTS (KOHA)
Source of classification or shelving scheme Dewey Decimal Classification
Koha item type Books
المقتنيات
Source of classification or shelving scheme Not for loan Home library Current library Date acquired Full call number Barcode Date last seen Copy number Koha item type
Dewey Decimal Classification   المكتبة المركزبة الجديدة - جامعة القاهرة قاعة الانسانيات - الدور الثاني 11.02.2024 952.0016 I61995 01000110189326013 23.09.2023 v.13 pt.2 | C.1 Books
Cairo University Libraries Portal Implemented & Customized by: Eng. M. Mohamady Contacts: new-lib@cl.cu.edu.eg | cnul@cl.cu.edu.eg
CUCL logo CNUL logo
© All rights reserved — Cairo University Libraries
CUCL logo
Implemented & Customized by: Eng. M. Mohamady Contact: new-lib@cl.cu.edu.eg © All rights reserved — New Central Library
CNUL logo
Implemented & Customized by: Eng. M. Mohamady Contact: cnul@cl.cu.edu.eg © All rights reserved — Cairo National University Library